Aminata/ (Record no. 30583)

000 -LEADER
fixed length control field 00430nam a22001457a 4500
008 - FIXED-LENGTH DATA ELEMENTS--GENERAL INFORMATION
fixed length control field 191112b ||||| |||| 00| 0 eng d
020 ## - INTERNATIONAL STANDARD BOOK NUMBER
International Standard Book Number 9966463836
050 ## - LIBRARY OF CONGRESS CALL NUMBER
Classification number PR 9381.9 .I43 2004
100 ## - MAIN ENTRY--PERSONAL NAME
Personal name Imbuga, Francis.
245 ## - TITLE STATEMENT
Title Aminata/
Statement of responsibility, etc. Francis Imbuga.
260 ## - PUBLICATION, DISTRIBUTION, ETC. (IMPRINT)
Place of publication, distribution, etc. Nairobi:
Name of publisher, distributor, etc. E.A.E.P,
Date of publication, distribution, etc. 2004.
300 ## - PHYSICAL DESCRIPTION
Extent 77p.:
Dimensions 20 cm.
650 ## - SUBJECT ADDED ENTRY--TOPICAL TERM
Topical term or geographic name as entry element Kenyan drama
Form subdivision English.
942 ## - ADDED ENTRY ELEMENTS (KOHA)
Source of classification or shelving scheme
Koha item type Short Loan Books
Classification part PR 9381.9 .I43 2004
Holdings
Withdrawn status Lost status Source of classification or shelving scheme Damaged status Not for loan Home library Current library Shelving location Date acquired Source of acquisition Cost, normal purchase price Total Checkouts Full call number Barcode Date last seen Date last checked out Price effective from Koha item type
          MACHAKOS UNIVERSITY LIBRARY MACHAKOS UNIVERSITY LIBRARY Africana 12/11/2019 Purchase 368.00 19 PR 9381.9 .I43 2004 23137 17/09/2025 17/09/2025 12/11/2019 Africana (Books)
          MACHAKOS UNIVERSITY LIBRARY MACHAKOS UNIVERSITY LIBRARY Africana 12/11/2019 Purchase 368.00 36 PR 9381.9 .I43 2004 23142 15/09/2025 15/09/2025 12/11/2019 Africana (Books)
          MACHAKOS UNIVERSITY LIBRARY MACHAKOS UNIVERSITY LIBRARY Africana 12/11/2019 Purchase 368.00 25 PR 9381.9 .I43 2004 23147 07/03/2023 07/03/2023 12/11/2019 Short Loan Books
          MACHAKOS UNIVERSITY LIBRARY MACHAKOS UNIVERSITY LIBRARY Africana 12/11/2019 Purchase 368.00 22 PR 9381.9 .I43 2004 23138 13/07/2023 13/07/2023 12/11/2019 Short Loan Books
© Machakos University Library, Along The Highway, Machakos Wote Rd, Machakos, Kenya P.O. Box 136 - 90100 Machakos - Kenya

Tel: ( +254 ) 723 805829 OR Fax : 044-20353 OR Email: library@mksu.ac.ke